Bilecik Bilecik Bilecik Bilecik Bilecik

Bilgi toplumu ve kamu yönetiminde paradigma değişimi/ (Record no. 1422)

MARC details
000 -BAŞLIK
Sabit Uzunluktaki Kontrol Alanı 00752nam a22002657a 4500
001 - KONTROL NUMARASI
Control Dosyası 0001435
003 - KONTROL NUMARASI KİMLİĞİ
Kontrol Alanı KOHA_MİRAKIL
005 - EN SON İŞLEM TARİHİ ve ZAMANI
Kontrol Alanı 20260207001241.0
007 - FİZİKSEL TANIM SABİT ALAN - GENEL BİLGİ
Sabit uzunluklu kontrol alanı ta
008 - SABİT UZUNLUKTAKİ VERİ ÖGELERİ - GENEL BİLGİ
Sabit Alan 081212b2007 tu |||gr||||#||||0|tur |
020 ## - ISBN - ULUSLARARASI STANDART KİTAP NUMARASI
Isbn 9758738015
Kullanılabilirlik koşulları YTL19,690000000000001
040 ## - KATALOGLAMA KAYNAĞI
Özgün Kataloglama Kurumu TR-BiSEU
Kataloglama Dili tur
Çeviri Kurumu TR-BiSEU
Açıklama Kuralları rda
041 0# - DİL KODU
Metin ya da ses kaydının dil kodu tur
044 ## - YAYINLAYAN/ÜRETEN KURULUŞUN ÜLKE KODU
ISO country code tu
050 ## - SINIFLAMA ve YER NUMARASI
Sınıflama Numarası JF1358
Yer Numarası .A4 2007
100 1# - KİŞİ ADI
Yazar Adı (Kişi adı) Al, Hamza.
245 1# - ESER ADI BİLDİRİMİ
Başlık Bilgi toplumu ve kamu yönetiminde paradigma değişimi/
Sorumluluk Bildirimi Hamza Al ; Hamza Al.
264 #1 - ÜRERİM, YAYIN, DAĞITIM ve TELİF BİLDİRİMİ
Yayın yeri Ankara :
Yayınlayan Bilimadamı Yayınları
Yayın tarihi 2007
300 ## - FİZİKSEL TANIMLAMA
Sayfa, Cilt vb. 320 sayfa
336 ## - İÇERİK TÜRÜ
Content type term metin
Content type code txt
Source rdacontent
337 ## - MEDYA TÜRÜ
Media type term aracısız
Media type code n
Source rdamedia
338 ## - TAŞIYICI TÜRÜ
Carrier type term cilt
Carrier type code nc
Source rdacarrier
650 #0 - KONU BAŞLIĞI EK GİRİŞ - KONU TERİMİ
Konusal terim veya coğrafi ad Kamu yönetimi.
9 (RLIN) 4578
942 ## - EK GİRİŞ ÖGELERİ (KOHA)
Source of classification or shelving scheme Library of Congress Classification
Koha item type Book
Holdings
Materyal Türü Kalıcı Konum Mevcut Konum Raf Yeri Sınıflandırma Kaynağı Edinim Bilgisi Ana Konular Alt Konular Yer Numarası Demirbaş Numarası Fatura Tarihi Maliyet, Alış Fiyatı Maliyet, Yenileme Fiyatı Geri Çekilme Durumu Kayıp Durumu Hasarlı Durumu Kredi için değil Kayıt Tarih Toplam Ödünçverme Son Görülme Tarihi Son Kontrol Tarihi
Book Prof. Dr. Azmi Özcan Kütüphanesi Prof. Dr. Azmi Özcan Kütüphanesi Uluğbey Salonu Library of Congress Classification Satın SİYASET BİLİMİ Siyasi Kurumlar ve Kamu Yönetimi (Genel) JF1358 .A4 2007 0001435 12/12/2008 21.27 21.27         12/12/2008 7 05/12/2024 05/12/2024